1094 1185 1455 1771 1276 1045 1784 1553 1912 1290 1325 1012 1421 1197 1463 1935 1704 1620 1455 1172 1747 1353 1928 1079 1383 1484 1186 1692 1932 1763 1372 1953 1817 1235 1964 1003 1626 1242 1261 1392 1691 1352 1372 1485 1933 1699 1946 1381 1224 1034 1023 1900 1395 1202 1464 1301 1470 1032 1698 1145 1765 1936 1496 1473 1933 1910 1546 1605 1952 1598 1401 1571 1553 1713 1120 1882 1703 1596 1133 1920 1576 1021 1639 1063 1433 1006 1561 1705 1180 1365 1276 1186 1064 1178 1851 1264 1928 1549 1912 BCNSPRNW ULIB Ver.6.0+V

เปลี่ยนเป็นภาษาไทย

Change to English
 แสดงรายละเอียดบรรณานุกรม
  กลับหน้าหลัก

Brief Record : Get Marc (ISO 2709) : E-mail record : QR code < ปิดหน้าต่าง
LEADER : 00000nam 2200000uu 4500
001    13399120840
003     ULIB
008    020711s2553 th a 000 0 tha d
020    9786167138121
090    นว.^bม124ส
100    มณีบุษย์
245    สัญญารัก พยาบาท /^cมณีบุษย์
260    กรุงเทพฯ :^bลีลา,^c2553
300    315 หน้า
945    ^p230^l0^i17047
999    ^aทศพร เกษรทอง
รายการนี้ยังไม่มีแท็ก
คุณยังไม่ได้ล็อกอิน คุณสามารถมีกิจกรรมร่วมกับเว็บไซต์ได้ แต่ต้องล็อกอินก่อน ::
  ล็อกอิน

รายการสื่อสารสนเทศ

ลำดับที่ ประเภท เลขเรียก/บาร์โค้ด สถานที่ สถานะ
1. นวนิยาย
นวนิยาย
นว. ม124ส  
  Barcode: 17047
ห้องสมุดวิทยาเขตสวรรค์ประชารักษ์
►นวนิยาย
บนชั้น
  ขอยืม

BibComment


ยังไม่เคยถูกคอมเมนท์

คอมเมนท์ทรัพยากรรายการนี้
  คอมเมนท์: สัญญารัก พยาบาท ..


 Copyright 2026. Bcnsprnw @Library